| 000 | 00000nam 2200000za 4500 |
| 001 | 9.836097 |
| 003 | CaOODSP |
| 005 | 20241203113639 |
| 007 | cr ||||||||||| |
| 008 | 170502s2015 onca #o f000 0 eng d |
| 040 | |aCaOODSP|beng |
| 043 | |an-cn--- |
| 086 | 1 |aEn4-305/2014E-PDF |
| 245 | 00|aWhat the emergency protection order means to you |h[electronic resource]. |
| 260 | |a[Ottawa] : |bEnvironment Canada, |c[2014] |
| 300 | |a[1] p. : |bcol. ill. |
| 500 | |aIssued also in French under title: Ce que le décret de protection d'urgence signifie pour vous. |
| 692 | 07|2gccst|aEnvironmental protection |
| 710 | 1 |aCanada. |bEnvironment Canada. |
| 775 | 08|tCe que le décret de protection d'urgence signifie pour vous |w(CaOODSP)9.836099 |
| 856 | 40|qPDF|s1.31 MB|uhttps://publications.gc.ca/collections/collection_2017/eccc/En4-305-2014-eng.pdf |